1290 1660 1124 1908 1089 1808 1441 1166 1047 1035 1209 1507 1129 1537 1590 1749 1658 1489 1534 1293 1055 1499 1385 1299 1800 1606 1123 1055 1835 1015 1851 1304 1173 1291 1189 1331 1685 1741 1495 1503 1375 1303 1222 1753 1951 1481 1532 1310 1578 1412 1186 1012 1574 1941 1794 1364 1553 1669 1026 1831 1190 1778 1097 1427 1690 1443 1584 1747 1208 1227 1131 1171 1258 1458 1262 1261 1601 1174 1126 1373 1442 1693 1271 1183 1128 1481 1001 1944 1494 1545 1691 1208 1845 1990 1984 1789 1178 1451 1922 BCNSPRNW ULIB Ver.6.0+V

เปลี่ยนเป็นภาษาไทย

Change to English
 แสดงรายละเอียดบรรณานุกรม
  กลับหน้าหลัก

Brief Record : Get Marc (ISO 2709) : E-mail record : QR code < ปิดหน้าต่าง
LEADER : 00000nam 2200000uu 4500
001    13399128273
003     ULIB
008    220829s2564||||th 000 0 tha d
020    ^a9786168253373
050    ^aนว^bพ112พ
100 0  ^aพงศกร
245 10 ^aพรางพัสตรา /^cพงศกร
250    ^aพิมพ์ครั้งที่ 2
260    ^aกรุงเทพฯ :^bกรู๊ฟ พับลิชชิ่ง,^c2564
300    ^a651 หน้า ;^c21 ซม.
490 1  ^aเจ้าสาวต้องสาป ;^v1
520    ^aแต่งงาน... คำคำนี้ดูหอมหวาน ศักดิ์สิทธิ์ และเต็มไปด้วยความสุขแต่เส้นทางนั้นปูด้วยกลีบกุหลาบจริงน่ะหรือหลังจากที่ลดานิดาได้ผ้าคลุมผมเจ้าสาวโบราณอายุเกือบหนึ่งร้อยปีมาโดยบังเอิญและใช้ถ่ายพรีเวดดิ้ง โลกของเธอก็เปลี่ยนไป ผืนผ้าอาจพรางตาผู้คนแต่กลับเปิดเผยความจริงที่เธอไม่เคยเห็นให้ประจักษ์ "Veil"ผืนนั้นมีคำตอบให้กับเธอเพียงแต่ลดานิดาไม่แน่ใจว่าเธอจะกล้าสวมมันอีกครั้งหรือไม่ -- ปกหลัง
650  0 ^aThai fiction
650  4 ^aนวนิยายไทย
700 0  ^aพงศกร จินดาวัฒนะ
830  0 ^aเจ้าสาวต้องสาป ;^v1
945    ^p620^l0^i29471
999    ^aกัณชพร จุลอักษร
รายการนี้ยังไม่มีแท็ก
คุณยังไม่ได้ล็อกอิน คุณสามารถมีกิจกรรมร่วมกับเว็บไซต์ได้ แต่ต้องล็อกอินก่อน ::
  ล็อกอิน

รายการสื่อสารสนเทศ

ลำดับที่ ประเภท เลขเรียก/บาร์โค้ด สถานที่ สถานะ
1. วิทยาศาสตร์การแพทย์ และสุขภาพ
วิทยาศาสตร์การแพทย์ และสุขภาพ
นว พ112พ ฉ.1 
  Barcode: 29471
ห้องสมุดวิทยาเขตนครสวรรค์
►นวนิยาย:l:Fiction
บนชั้น

รายการใกล้เคียง
    ผู้แต่ง [พงศกร]

    หัวเรื่อง [Thai fiction]
    หัวเรื่อง [นวนิยายไทย]

BibComment


ยังไม่เคยถูกคอมเมนท์

คอมเมนท์ทรัพยากรรายการนี้
  คอมเมนท์: พรางพัสตรา พงศกร


 Copyright 2026. Bcnsprnw @Library